|
|
|
|
| LEADER |
01788nam a2200433 a 4500 |
| 001 |
000000539 |
| 005 |
20131219141605.0 |
| 008 |
021002s1745 xo e lat |
| FMT |
|
|
|
| 040 |
|
|
|a SVKKK
|b slo
|c SVKKK
|e AACR2
|
| 041 |
0 |
|
|a lat
|a grc
|
| 044 |
|
|
|a xo
|c SK
|
| 080 |
|
|
|a 268
|
| 080 |
|
|
|a 811.14
|
| 080 |
|
|
|a 81`36
|
| 100 |
1 |
|
|a Gretser, Jacob
|d 1562-1625
|4 aut
|
| 245 |
1 |
0 |
|a Institutionum Linguae Graecae Liber III :
|b Jacobi Gretseri Societatis Jesu Institutionum Linguae Graecae Liber III. De Syllabarum Dimensione, Pro Schola Rhetoricae In faciliorem, breviorémque usum redactus.
|
| 260 |
|
|
|a Tyrnaviae :
|b Typis Academicis Soc. Jesu,
|c Annô 1745
|
| 300 |
|
|
|a 48 s. a/8-c/8 [=24] list.
|c 8°. 16x11 cm
|
| 500 |
|
|
|a Linky ozdobné, inic. s ornam. pozadím v rámčeku na 3 r., verz. vo voľ. priestore na 2 r., typograf. ozdoby, kustódy.
|
| 501 |
|
|
|a Prív. 1. k.: SOAREZ, C.: Artis Rhetoricae Libri III. Tyrnaviae 1744. 8.
|
| 505 |
2 |
|
|a Na zl. b/7-c/8 "Catechismi Petri Canisii Caput I. De Fide, Et Symbolo Fidei"
|
| 510 |
4 |
|
|a Petrik VII/184; Pumprla 278/486; Dokoupil 144/540
|
| 561 |
|
|
|a Peč.: Štátna vedecká knižnica v Košiciach.
|
| 653 |
1 |
|
|a gréčtina
|
| 653 |
1 |
|
|a gramatika
|
| 653 |
1 |
|
|a učebnice
|
| 653 |
1 |
|
|a katechizmy
|
| 700 |
1 |
|
|a Canisius, Petrus,
|d 1521-1597
|4 aut
|
| 710 |
0 |
|
|a Akademická tlačiareň
|c Trnava
|d 1648-1773
|4 prt
|
| 752 |
|
|
|a Slovensko
|d Trnava
|
| 852 |
|
|
|p GR 6429 prív. 1.
|
| 904 |
|
|
|a ac--y----kc-------yyb-1001--
|
| 905 |
|
|
|a bf-a1cb-
|5 -------
|
| 910 |
|
|
|a svkkk
|
| 997 |
|
|
|a Canisius, P.: Catechismus. Caput I. p. Gretser, J.: Institutionum Linguae Graecae Liber III.
|4 aut
|
| 998 |
|
|
|a TRNTL
|
| BAS |
|
|
|
| LKR |
|
|
|a UP
|b 538
|l HIS01
|n Artis Rhetoricae Libri III
|m Institutionum Linguae Graecae Liber III
|